| 000 | 00886cam a22002771a 4500 | ||
|---|---|---|---|
| 001 | 7469 | ||
| 003 | BD-RjUL | ||
| 005 | 20211208234423.0 | ||
| 008 | 14 r19664959e b 001 0 eng | ||
| 035 | _a(BD-RjUL)7512 | ||
| 035 | _a(BD-RjUL) | ||
| 040 |
_aLC _beng _cLC _dLC _dANL _dBD-RjUL |
||
| 041 | _aeng | ||
| 082 | 0 | 4 |
_a398.0973 _216 _bDOA 1966 |
| 100 | 1 |
_aDorson, Richard M. _q(Richard Mercer), _d1916- _923322 |
|
| 245 | 1 | 0 |
_aAmerican folklore / _cby Richard M. Dorson. |
| 260 |
_aChicago : _bUniversity of Chicago Press. _c1959 [Impression 1966]. |
||
| 300 |
_a328 p. ; _c21 cm. |
||
| 504 | _aIncludes bibliography and index | ||
| 650 | 0 |
_aFolklore _zUnited States. _921386 |
|
| 651 | 0 |
_aUnited States _xSocial life and customs. _923324 |
|
| 942 |
_2ddc _cBK |
||
| 999 |
_c7469 _d7469 |
||